[Event "FSFMA Double Oct"]
[Site "Budapest HUN"]
[Date "2011.10.09"]
[Round "9"]
[White "Tessedik,K"]
[Black "Mayer,I"]
[Result "0-1"]
[WhiteElo "1864"]
[BlackElo "2063"]

1.d4 d5 2.c4 dxc4 3.e4 Nc6 4.d5 Ne5 5.Bxc4 c6 6.Be2 e6 7.Nf3 Bd6 8.Nxe5 Bxe5
9.dxc6 Qxd1+ 10.Bxd1 bxc6 11.O-O Nf6 12.Bc2 Rb8 13.Nc3 Ba6 14.Re1 Ke7 15.h3 Nd7
16.g3 Bd4 17.Kg2 e5 18.Na4 Nb6 19.Rb1 Nxa4 20.Bxa4 Bd3 21.Ra1 c5 22.Bc6 c4
23.a4 Bxb2 24.Ra2 Bxc1 25.Rxc1 Rhc8 26.Bd5 c3 27.Kf3 c2 28.Ke3 Rb1 29.Kd2 Rxc1
30.Kxc1 Rb8 31.Rxc2 Bxc2 32.Kxc2 Rb4  0-1

[Event "20th TCh-CRO 1a"]
[Site "Sibenik CRO"]
[Date "2011.10.10"]
[Round "7.4"]
[White "Navara,D"]
[Black "Ramesa,D"]
[Result "1-0"]
[WhiteElo "2705"]
[BlackElo "2314"]

1.d4 d5 2.c4 dxc4 3.e4 Nf6 4.e5 Nd5 5.Bxc4 Nb6 6.Bb3 Nc6 7.Ne2 Bf5 8.Nbc3 e6
9.O-O Qd7 10.Be3 O-O-O 11.Rc1 Kb8 12.Na4 Nb4 13.Bg5 Rc8 14.a3 Nd3 15.Rc3 Nxa4
16.Bxa4 b5 17.Bxb5 Qxb5 18.Rb3 Nb4 19.axb4 Qb7 20.Nc3 h6 21.Be3 Rd8 22.Qe2 Be7
23.Ra1 Rd5 24.Nxd5 exd5 25.Rba3 c6 26.e6 Bxe6 27.Bf4+ Ka8 28.Qa6  1-0

[Event "TCh-ROU Superliga 2011"]
[Site "Brasov ROU"]
[Date "2011.10.13"]
[Round "6.3"]
[White "Shishkin,Va UKR"]
[Black "Tugui,A"]
[Result "1-0"]
[WhiteElo "2450"]
[BlackElo "2384"]

1.d4 d5 2.c4 dxc4 3.e4 b5 4.a4 c6 5.Nc3 b4 6.Nce2 Nf6 7.Ng3 e5 8.Bxc4 Qxd4
9.Qb3 Qd7 10.Nf3 Qe7 11.Ng5 Be6 12.Nxe6 fxe6 13.Bxe6 Nbd7 14.Be3 g6 15.O-O h5
16.Rad1 Bh6 17.Qc4 c5 18.Bxh6 Rxh6 19.Bxd7+ Nxd7 20.Rxd7  1-0

[Event "Chigorin Memorial Open"]
[Site "St Petersburg RUS"]
[Date "2011.10.16"]
[Round "3.18"]
[White "Shimanov,A"]
[Black "Alekseenko,K"]
[Result "1/2-1/2"]
[WhiteElo "2565"]
[BlackElo "2303"]

1.d4 d5 2.c4 dxc4 3.e4 Nf6 4.e5 Nd5 5.Bxc4 Nb6 6.Bb3 Bf5 7.Nc3 e6 8.Be3 Nc6
9.Nge2 Be7 10.O-O Qd7 11.Rc1 Na5 12.Bc2 Bg6 13.Nf4 Bxc2 14.Qxc2 Nc6 15.Rfd1 Nb4
16.Qe2 O-O-O 17.Ne4 N4d5 18.Nd3 Qb5 19.Qc2 Kb8 20.Bg5 Bxg5 21.Nxg5 Qe8 22.Nc5 Nd7
23.Nge4 Nxc5 24.Nxc5 Rc8 25.Rd3 b6 26.Ra3 c6 27.Qa4 Qe7 28.Ne4 Rc7 29.Rg3 f5
30.exf6 gxf6 31.Re1 Rd8 32.h3 h5 33.h4 Nf4 34.Rf3 Nd5 35.a3 Rg8 36.Rg3 Rxg3
37.Nxg3 Nf4 38.Qd1 f5 39.Nxh5 Qxh4 40.Nxf4 Qxf4 41.Rxe6 Rd7 42.Rxc6 Rh7 43.Re6 Qh2+
44.Kf1 Qh1+ 45.Ke2 Qh5+ 46.Kd2 Qg5+ 47.Re3 Qf4 48.Qe1 Qxd4+ 49.Kc2 Rd7 50.Rc3 Qd5
51.Qe2 Rc7 52.Rxc7 Kxc7 53.g3 Qc6+ 54.Kd2 Qd5+ 55.Qd3 Qe6 56.Qd4 Kb7 57.Kd3 Qe1
58.Kc4 Qe2+ 59.Kd5 Qe7 60.b4 Qd7+ 61.Ke5 Qg7+ 62.Kd5 Qg8+ 63.Kd6 Qd8+  1/2-1/2

[Event "Chigorin Memorial Open"]
[Site "St Petersburg RUS"]
[Date "2011.10.17"]
[Round "4.78"]
[White "Epishin,V"]
[Black "Kostyuchenko,V"]
[Result "1-0"]
[WhiteElo "2544"]
[BlackElo "2107"]

1.d4 d5 2.c4 dxc4 3.e4 Nc6 4.Nf3 Bg4 5.Bxc4 Bxf3 6.Qxf3 e6 7.d5 Ne5 8.Bb5+ c6
9.Qc3 cxb5 10.Qxe5 Qf6 11.Qh5 Bb4+ 12.Nd2 a6 13.O-O Ne7 14.a3 Bxd2 15.Bxd2 exd5
16.exd5 O-O 17.Rac1 Nxd5 18.Qxd5  1-0

[Event "Chigorin Memorial Open"]
[Site "St Petersburg RUS"]
[Date "2011.10.20"]
[Round "7.45"]
[White "Mikheev,S"]
[Black "Kopasov,E"]
[Result "1-0"]
[WhiteElo "2271"]
[BlackElo "2059"]

1.d4 d5 2.c4 dxc4 3.e4 e5 4.Nf3 exd4 5.Bxc4 Nc6 6.O-O Be6 7.Bb5 Bc5 8.Nbd2 Ne7
9.Ng5 Qd6 10.Nc4 Bxc4 11.Bxc4 O-O 12.f4 d3+ 13.Kh1 Rad8 14.Bd2 Nd4 15.f5 Ne2
16.Rf3 Bg1 17.g3 h6 18.Rxd3 Qc5 19.Rxd8 Qxc4 20.Bb4 hxg5 21.Rxf8+ Kh7 22.Qf1 Qxe4+
23.Qg2 Qxg2+ 24.Kxg2 c5 25.Re8  1-0

[Event "26th Reinis Open"]
[Site "Spijkenisse NED"]
[Date "2011.10.22"]
[Round "2.1"]
[White "Van Wely,L"]
[Black "Van der Kaap,J"]
[Result "1-0"]
[WhiteElo "2689"]
[BlackElo "2225"]

1.d4 d5 2.c4 dxc4 3.e4 Nc6 4.Nf3 Bg4 5.d5 Ne5 6.Bf4 Ng6 7.Bg3 e5 8.Bxc4 Bd6
9.Bb5+ Bd7 10.Bxd7+ Qxd7 11.Nbd2 Nf6 12.O-O O-O 13.Qb3 Rfe8 14.Rac1 Nf4 15.Bxf4 exf4
16.Qxb7 Rab8 17.Qxa7 Rxb2 18.Rfe1 Ng4 19.h3 Ne5 20.Nxe5 Bxe5 21.Nc4 f3 22.Nxe5 Rxe5
23.Rxc7 Qe8 24.d6  1-0

[Event "26th Le Touquet Open"]
[Site "Le Touquet FRA"]
[Date "2011.10.23"]
[Round "2.9"]
[White "Bernard,Ch1"]
[Black "Hoffmann,Rog"]
[Result "1-0"]
[WhiteElo "2327"]
[BlackElo "2065"]

1.d4 d5 2.c4 dxc4 3.e4 Nc6 4.Be3 Nf6 5.f3 e5 6.d5 Bb4+ 7.Nd2 Bxd2+ 8.Qxd2 Ne7
9.Bxc4 O-O 10.Ne2 Bd7 11.Rc1 Nc8 12.O-O Nd6 13.Bd3 Nfe8 14.f4 f6 15.fxe5 fxe5
16.Rxf8+ Kxf8 17.Bg5 Qc8 18.Qc3 Nf7 19.Bh4 Bg4 20.Bg3 Bxe2 21.Bxe2 Qd7 22.Bxe5 Qe7
23.Bxc7 Qxe4 24.Bf3 Qe7 25.Re1 Qd7 26.Qb4+ Ned6 27.Bxd6+ Nxd6 28.Bg4 Qc7
29.Qf4+ Kg8 30.Be6+ Kh8 31.Rc1 Qe7 32.h3 Rd8 33.Qa4 b6 34.Qd4 h6 35.Rc6 Qg5
36.Kh2 Nb5 37.Qe4 Nd6 38.Qg4 Qf6 39.b3 Ne8 40.Qg3 Qe7 41.Qf4 Nd6 42.a4 Ne8
43.Qf7 Qxf7 44.Bxf7 Nd6 45.Be6 Ne8 46.Kg3 Kh7 47.Kf4 g6 48.Ke5 Kg7 49.d6 Kf8
50.h4 g5 51.hxg5 hxg5 52.d7 Ng7 53.Rd6  1-0

[Event "1st Central Asia Cup"]
[Site "Tashkent UZB"]
[Date "2011.10.24"]
[Round "7.1"]
[White "Kasimdzhanov,R"]
[Black "Ismagambetov,An"]
[Result "1-0"]
[WhiteElo "2678"]
[BlackElo "2500"]

1.d4 d5 2.c4 dxc4 3.e4 Nf6 4.e5 Nd5 5.Bxc4 Nb6 6.Bd3 Nc6 7.Ne2 Bg4 8.f3 Be6
9.Nbc3 Bc4 10.Bxc4 Nxc4 11.Qb3 Nb6 12.Be3 e6 13.O-O Qd7 14.Rad1 Nb4 15.Nf4 c6
16.Nh5 a5 17.Bg5 h6 18.Bf6 Rg8 19.a4 N4d5 20.Ne4 Qc7 21.f4 Nd7 22.Qg3 N7xf6
23.Nexf6+ gxf6 24.Qxg8 O-O-O 25.Qg3 f5 26.Qb3 Qe7 27.g3 Kc7 28.h3 Ra8 29.Rf3 Qd8
30.Kh2 Be7 31.g4 fxg4 32.hxg4 Qg8 33.Kh3 Ra6 34.Qc2 Rb6 35.b3 Rb4 36.Qd3 Kd7
37.Rc1 Qg6 38.Rcf1 b5 39.axb5 cxb5 40.f5 Qg5 41.f6 Bf8 42.Ra1 Kc6 43.Qc2+ Kb7
44.Rc1  1-0

[Event "World Youth U16 Ol"]
[Site "Kocaeli TUR"]
[Date "2011.10.26"]
[Round "5.3"]
[White "Harutyunian,T"]
[Black "Eliseev,U"]
[Result "0-1"]
[WhiteElo "2201"]
[BlackElo "2441"]

1.d4 d5 2.c4 dxc4 3.e4 e5 4.Nf3 exd4 5.Bxc4 Nc6 6.O-O Be6 7.Bxe6 fxe6 8.Qb3 Qd7
9.Qxb7 Rb8 10.Qa6 Nf6 11.Nbd2 Bd6 12.a3 O-O 13.Qd3 Ng4 14.h3 Nge5 15.Nxe5 Nxe5
16.Qxd4 Qb5 17.Qc3 Qe2 18.Nb3 Qxe4 19.Re1 Qh4 20.Qd4 Qf6 21.Nd2 Rb5 22.Qe3 Bc5
23.Ne4 Qg6 24.Nxc5 Nf3+ 25.Kf1 Nxe1 26.Kxe1 Qxg2 27.b4 Rb6 28.Bb2 Rf3 29.Qe2 Rxh3
30.Ne4 Rh1+ 31.Kd2 Rxa1 32.Bxa1 Rb8 33.Qd3 h5 34.Qd7 Qg6 35.Qxc7 Rf8 36.Qe5 h4
37.Ng5 Rxf2+ 38.Ke3 Rf5 39.Qb8+ Rf8 40.Qe5 Qh6 41.Ke2 Qg6 42.Ke3 h3 43.Nxh3 Rf5
44.Qb8+ Kh7 45.Qc7 Qg4 46.Nf4 Qg1+ 47.Ke4 Qxa1 48.Nxe6 Qb1+ 49.Kd4 Qd1+ 50.Kc3 Qe1+
51.Kd4 Qxe6  0-1

[Event "19th Skopje Open"]
[Site "Skopje MKD"]
[Date "2011.10.30"]
[Round "7"]
[White "Milanovic,Da"]
[Black "Krivokapic,M"]
[Result "1-0"]
[WhiteElo "2516"]
[BlackElo "2413"]

1.d4 d5 2.c4 dxc4 3.e4 e5 4.Nf3 exd4 5.Bxc4 Bb4+ 6.Nbd2 Nc6 7.O-O Nf6 8.e5 Nd5
9.Nb3 Nb6 10.Bb5 Qd5 11.Bxc6+ Qxc6 12.Nbxd4 Qd5 13.Qc2 c6 14.Rd1 Bg4 15.h3 Bxf3
16.Nxf3 Qc4 17.Qf5 Be7 18.Rd4 Qe6 19.Qc2 O-O 20.Bg5 Rad8 21.Rg4 f5 22.exf6 Bxf6
23.Re1 Qd6 24.Bxf6 Qxf6 25.Ng5 Qf5 26.Qxf5 Rxf5 27.Re7 h5 28.Rg3 Rd1+ 29.Kh2 Rd7
30.Re8+ Rf8 31.Rxf8+ Kxf8 32.Ne6+ Kg8 33.f4 Nd5 34.f5 b6 35.Rg5 Nf6 36.Rg6 Ne4
37.g4 hxg4 38.hxg4 c5 39.Kg2 Rf7 40.Kf3 Nd2+ 41.Kf4 Re7 42.Ng5 Kf8 43.Rd6 Nc4
44.Rd8+ Re8 45.Ne6+ Kf7 46.Rxe8 Kxe8 47.b3 Na5 48.Nxg7+ Kf7 49.Ne6 c4 50.bxc4 Nxc4
51.Nd8+ Kg7 52.Nc6 a5 53.g5  1-0

[Event "TCh-AUT 2 Ost 2011-12"]
[Site "Vienna AUT"]
[Date "2011.11.05"]
[Round "3"]
[White "Koffler,D"]
[Black "Hagara,E"]
[Result "0-1"]
[WhiteElo "2220"]
[BlackElo "2388"]

1.d4 d5 2.c4 dxc4 3.e4 e5 4.Nf3 Bb4+ 5.Nc3 exd4 6.Qxd4 Qxd4 7.Nxd4 Nf6 8.f3 Bc5
9.Ndb5 Na6 10.Bf4 c6 11.Nd6+ Bxd6 12.Bxd6 Be6 13.e5 Nd7 14.Ne4 f5 15.Ng5 Bd5
16.b3 cxb3 17.axb3 Nac5 18.Bc4 Bxc4 19.bxc4 h6 20.Nh3 Kf7 21.O-O g5 22.Nf2 a5
23.Rfd1 Rhe8 24.g3 a4 25.f4 gxf4 26.gxf4 Rg8+ 27.Kh1 Rg6 28.Rg1 Rxg1+ 29.Kxg1 Nb3
30.Ra2 Nb6 31.c5 Nd5 32.Nd3 Nc3 33.Ra3 Nb5 34.Ra2 Nc3 35.Ra3 Ke6 36.Nb2 Ne2+
37.Kh1 Rg8 38.h4 Rg1+ 39.Kh2 Nd2 40.Rxa4 Nf1+ 41.Kh3 Nxf4+  0-1

[Event "25th British Rapidplay"]
[Site "Leeds ENG"]
[Date "2011.11.20"]
[Round "9"]
[White "Wells,P"]
[Black "Burke,M"]
[Result "1-0"]
[WhiteElo "2492"]
[BlackElo "1897"]

1.d4 d5 2.c4 dxc4 3.e4 e5 4.Nf3 Bb4+ 5.Bd2 Bxd2+ 6.Nbxd2 exd4 7.Bxc4 Nf6
8.e5 Nd5 9.Qb3 c6 10.Bxd5 Qxd5 11.Qxd5 cxd5 12.Nxd4 O-O 13.Rc1 Re8 14.f4 Na6
15.O-O Bd7 16.a3 Rac8 17.b4 b6 18.Kf2 Kf8 19.h3 Nc7 20.N2f3 Nb5 21.Nxb5 Bxb5
22.Rfe1 Rc4 23.Rxc4 Bxc4 24.Nd4 Rc8 25.Rc1 Ba6 26.Rxc8+ Bxc8 27.Ke3 Bd7 28.f5 Ke7
29.g4 a6 30.Ne2 g6 31.f6+ Ke6 32.Kd4 g5 33.h4 Bb5 34.Ng1 gxh4 35.Nf3 Be2
36.Nxh4 Bxg4 37.Ng2 Bf3 38.Nf4+ Kd7 39.e6+ fxe6 40.f7 Ke7 41.Nxe6 Bg4 42.f8=Q+  1-0

[Event "25th British Rapidplay"]
[Site "Leeds ENG"]
[Date "2011.11.20"]
[Round "9"]
[White "Walton,A"]
[Black "Mannion,S"]
[Result "0-1"]
[WhiteElo "2161"]
[BlackElo "2351"]

1.d4 d5 2.c4 dxc4 3.e4 e5 4.Nf3 exd4 5.Nxd4 Nf6 6.Nc3 Bc5 7.Be3 Ng4 8.Bxc4 Nxe3
9.fxe3 O-O 10.O-O Qg5 11.Nc2 Bg4 12.Qd5 Qxd5 13.Nxd5 Bd6 14.Nd4 Nc6 15.h3 Bd7
16.Bb5 Rae8 17.Rac1 Nxd4 18.Bxd7 Ne2+ 19.Kf2 Nxc1 20.Bxe8 Nd3+ 21.Ke2 Nc5
22.e5 Bxe5 23.Bb5 c6 24.Ne7+ Kh8 25.Bc4 Bxb2 26.Rxf7 Rxf7 27.Bxf7 g6 28.Nc8 a6
29.Nd6 Kg7 30.Bb3 Kf6 31.Bc2 Ke7 32.Nc4 Bg7 33.g4 b5 34.Nd2 a5 35.h4 a4 36.Kf3 b4
37.h5 gxh5 38.Bxh7 h4 39.g5 b3 40.axb3 axb3 41.Kg4 Bc3 42.Nb1 Be1 43.Bf5 Ne6
44.Be4 c5 45.Bd5 b2 46.Kf5 Nc7 47.Bc4 h3 48.Bf1 h2 49.Bg2 c4 50.Ke4 Ne6 51.Na3 c3
52.Kd3 Nxg5 53.Kc2 Nh3 54.Nc4 Nf2 55.Bf3 Kf6 56.Nxb2 cxb2 57.Kxb2 Bd2 58.e4 Ke5
59.Kc2 Kf4  0-1

[Event "8th Vasylyshyn Mem GM"]
[Site "Lviv UKR"]
[Date "2011.12.02"]
[Round "4"]
[White "Vovk,Y"]
[Black "Semcesen,D"]
[Result "1-0"]
[WhiteElo "2571"]
[BlackElo "2490"]

1.d4 d5 2.c4 dxc4 3.e4 Nf6 4.e5 Nd5 5.Bxc4 Nb6 6.Bd3 Nc6 7.Be3 Nb4 8.Be4 N4d5
9.Nc3 Nxe3 10.fxe3 g6 11.Nge2 Bh6 12.Nf4 O-O 13.O-O c5 14.Qd3 Bg7 15.a4 a5
16.Rad1 cxd4 17.exd4 Bd7 18.b3 Bc6 19.h4 Rc8 20.h5 Bxe4 21.Nxe4 Nd5 22.hxg6 fxg6
23.Ne6 Rxf1+ 24.Rxf1 Qb6 25.Qh3 Bxe5 26.N6g5 Qxd4+ 27.Kh1  1-0

[Event "FSFMB December 2011"]
[Site "Budapest HUN"]
[Date "2011.12.05"]
[Round "3"]
[White "Takacs,K"]
[Black "Somogyi,Akos"]
[Result "1-0"]
[WhiteElo "1788"]
[BlackElo "1258"]

1.d4 d5 2.c4 dxc4 3.e4 e6 4.Bxc4 Nf6 5.Nc3 Bb4 6.Bg5 Bxc3+ 7.bxc3 h6 8.Bxf6 Qxf6
9.Ne2 O-O 10.O-O Nc6 11.Rb1 b6 12.f4 Qe7 13.Ng3 f5 14.Nxf5 Qa3 15.Qg4 Rf7
16.Nxh6+ Kf8 17.Nxf7 Kxf7 18.f5 Qe7 19.fxe6+ Ke8 20.Qh5+ Kd8 21.Qh8+ Qe8
22.Rf8 Qxf8 23.Qxf8+  1-0

[Event "XXXII Crespi Memorial"]
[Site "Milano ITA"]
[Date "2011.12.08"]
[Round "6"]
[White "Shishkin,Va UKR"]
[Black "Doric,D"]
[Result "1/2-1/2"]
[WhiteElo "2449"]
[BlackElo "2504"]

1.d4 d5 2.c4 dxc4 3.e4 e5 4.Nf3 exd4 5.Bxc4 Nc6 6.O-O Be6 7.Bb5 Bc5 8.b4 Bb6
9.a4 a6 10.Bxc6+ bxc6 11.a5 Ba7 12.Bb2 Nf6 13.e5 Nd5 14.Bxd4 Nxb4 15.Nc3 c5
16.Be3 Qxd1 17.Rfxd1 O-O 18.Rd2 h6 19.Ne4 c4 20.Bxa7 Rxa7 21.Nd4 Bd5 22.Nc3 c6
23.Rb1 Nd3 24.Rb6 Rc8 25.Nc2 Re8 26.f4 Nxf4 27.Nb4 Nd3 28.Nxd3 cxd3 29.Nxd5 cxd5
30.Rxd3 Rxe5 31.Rd6 d4 32.Ra3 Rb7 33.Ra2 d3 34.Rxa6 Rd7 35.Rd2 h5 36.g3 Kh7
37.Kf2 f6 38.h4 Kg6 39.Ra8 Kf5 40.Kf3 Rc5 41.a6 Ra5 42.a7 Ra3 43.Rh8 Raxa7
44.Rxh5+ Ke6 45.Rb5 Ra4 46.Rb6+ Ke5 47.Rb3 Rad4 48.Rb5+ R7d5 49.Rb7 g6 50.Rb6 Kf5
51.Rb8 Ke6 52.Ke3 Ke5 53.Rb3 Kf5 54.Kf3 g5 55.hxg5 fxg5 56.Rb8 g4+ 57.Kf2 Ke5
58.Re8+ Kf6 59.Ke3 Rd7 60.Re4 Rxe4+  1/2-1/2

[Event "TCh-CZE Liga 1 Zapad"]
[Site "Czech Rep CZE"]
[Date "2011.12.11"]
[Round "5.4"]
[White "Juptner,J"]
[Black "Oresky,J"]
[Result "1-0"]
[WhiteElo "2318"]
[BlackElo "2227"]

1.d4 d5 2.c4 dxc4 3.e4 e5 4.Nf3 exd4 5.Bxc4 Nc6 6.O-O Be6 7.Bb5 Bc5 8.b4 Bb6
9.a4 a5 10.bxa5 Bxa5 11.Nxd4 Ne7 12.Nxe6 fxe6 13.Qg4 Qd4 14.Ra2 O-O-O 15.Qxe6+ Kb8
16.Be3 Qe5 17.Qxe5 Nxe5 18.Bg5 Bb4 19.Rb2 Bc5 20.Nd2 h6 21.Bh4 g5 22.Bg3 N7g6
23.Nb3 Ba3 24.Rc2 Nf4 25.f3 c6 26.Be2 Rd6 27.Rb1 Rhd8 28.Kf2 Ka8 29.Bxf4 gxf4
30.g3 Rf6 31.gxf4 Rxf4 32.Ke3 Rdf8 33.Nd4 Rh4 34.Rb3 Be7 35.Nf5 Bg5+ 36.Kf2 Rf4
37.Rc5 Nd7 38.Ra5+ Kb8 39.Kg3 Bd8 40.Kxf4 Bxa5 41.h4 Bd2+ 42.Kg3 Nc5 43.Ra3 Rg8+
44.Kf2 Bf4 45.a5 Kc7 46.Ra2 Ra8 47.Ne3 Rg8 48.Bc4 Rd8 49.Ke2 Rd4 50.Rc2 Rd6
51.h5 Rd8 52.Bf7 b6 53.axb6+ Kxb6 54.Nc4+ Kc7 55.Na5 Kb6 56.Rxc5 Rd2+ 57.Ke1 Rd7
58.Rxc6+ Kxa5 59.Bd5 Rc7 60.Rf6 Bg5 61.Rf5 Rc1+ 62.Kf2 Rc2+ 63.Kg3 Rc3 64.Rxg5 hxg5
65.h6 Rc1 66.Be6 Rh1 67.Bh3 Rg1+ 68.Kh2 Rb1 69.h7 Rb8 70.Be6  1-0

[Event "18th Zadar Open A"]
[Site "Zadar CRO"]
[Date "2011.12.12"]
[Round "2.2"]
[White "Berczes,D"]
[Black "Stevic,H"]
[Result "1/2-1/2"]
[WhiteElo "2555"]
[BlackElo "2612"]

1.d4 d5 2.c4 dxc4 3.e4 e5 4.Nf3 Bb4+ 5.Nbd2 c3 6.bxc3 Bxc3 7.Rb1 exd4 8.Bc4 Nc6
9.O-O Qf6 10.h3 Qg6 11.Nh4 Qg5 12.Nhf3 Qg6 13.e5 Bxd2 14.Bxd2 Nge7 15.Qe2 Bxh3
16.Ng5 Be6 17.Nxe6 fxe6 18.Rxb7 O-O 19.Rc1 d3 20.Bxd3 Nd4 21.Qe3 Qg4 22.Rcxc7 Nf3+
23.Kf1 Nh2+ 24.Kg1 Nf3+ 25.Kf1 Nh2+ 26.Kg1  1/2-1/2

[Event "TCh-NED Meesterklasse 2011-12"]
[Site "Netherlands NED"]
[Date "2011.12.17"]
[Round "4.5"]
[White "Van Ketel,R"]
[Black "Sprenger,J"]
[Result "0-1"]
[WhiteElo "2286"]
[BlackElo "2515"]

1.d4 d5 2.c4 dxc4 3.e4 Nc6 4.d5 Ne5 5.Bf4 Ng6 6.Be3 e6 7.Nc3 Nf6 8.Bxc4 exd5
9.exd5 Bd6 10.Nf3 O-O 11.O-O Ng4 12.Qd2 Nh4 13.Bf4 Qf6 14.Bg3 Qxf3 15.Bxh4 Nxh2
16.Rfe1 Bh3 17.gxf3 Nxf3+ 18.Kh1 Nxd2 19.Be2 Rfe8 20.f3 Bf4 21.Red1 Re5 22.Be1 Nf1
23.Ne4 Ne3 24.Rd3 Bf5 25.Bc3 Rxe4 26.fxe4 Bxe4+ 27.Kg1 Bxd3 28.Bxd3 Nxd5  0-1

[Event "European Rapid 2011"]
[Site "Warsaw POL"]
[Date "2011.12.18"]
[Round "10"]
[White "Korobov,A"]
[Black "Howell,D"]
[Result "1-0"]
[WhiteElo "2660"]
[BlackElo "2633"]

1.d4 d5 2.c4 dxc4 3.e4 Nf6 4.e5 Nd5 5.Bxc4 Nc6 6.Ne2 Bf5 7.O-O e6 8.Nbc3 Nb6
9.Bb3 Qd7 10.Be3 O-O-O 11.Rc1 Na5 12.Bc2 Bxc2 13.Qxc2 Nc6 14.a3 Ne7 15.Ne4 Nf5
16.Bg5 Re8 17.Rfd1 h6 18.Bd2 Nd5 19.b4 Kb8 20.Be1 Rd8 21.Qb3 Be7 22.b5 Rc8
23.Nc5 Bxc5 24.dxc5 c6 25.a4 Qe7 26.bxc6 Rxc6 27.g4 Nh4 28.Nd4 Rhc8 29.Nxc6+ Rxc6
30.f3 Ng6 31.Bg3 Qc7 32.Rxd5 exd5 33.e6 Nf4 34.Qe3 Rxe6 35.Qxf4  1-0

[Event "European Rapid 2011"]
[Site "Warsaw POL"]
[Date "2011.12.18"]
[Round "11"]
[White "Melkumyan,H"]
[Black "Majdan,J"]
[Result "1-0"]
[WhiteElo "2615"]
[BlackElo "2386"]

1.d4 d5 2.c4 dxc4 3.e4 Nf6 4.e5 Nd5 5.Bxc4 Nb6 6.Bb3 Nc6 7.Ne2 Bf5 8.Nbc3 e6
9.Be3 Be7 10.O-O Nb4 11.Ng3 Bg6 12.Qf3 c6 13.Rad1 N4d5 14.Bc1 h5 15.Nge4 h4
16.Qe2 Kf8 17.Bc2 Kg8 18.h3 Rc8 19.Rfe1 Rc7 20.a3 Rd7 21.Nc5 Bh5 22.f3 Nxc3
23.bxc3 Bxc5 24.dxc5 Nd5 25.Qd2 Qa5 26.c4 Qxc5+ 27.Qd4 Qxd4+ 28.Rxd4 Nb6
29.Rxd7 Nxd7 30.Rd1 Nf8 31.Rd8 Bg6 32.Bxg6 fxg6 33.Bg5 Kf7 34.f4 b5 35.Ra8 bxc4
36.Rxa7+ Kg8 37.Rc7 Kh7 38.Kf2  1-0

[Event "1st St Leon-Rot Open"]
[Site "Sankt Leon-Rot GER"]
[Date "2011.12.28"]
[Round "4"]
[White "Hielscher,U"]
[Black "Volz,D"]
[Result "1-0"]
[WhiteElo "1882"]
[BlackElo "1925"]

1.d4 d5 2.c4 dxc4 3.e4 e5 4.d5 c6 5.Bxc4 Nf6 6.Nc3 Bb4 7.f3 cxd5 8.exd5 O-O
9.Ne2 e4 10.O-O exf3 11.Rxf3 Bg4 12.Rf1 Qb6+ 13.Kh1 Nbd7 14.Qd2 Rfe8 15.a3 Bxe2
16.Bxe2 Bxc3 17.bxc3 Ne4 18.Qf4 Ndf6 19.c4 Ng3+ 20.Qxg3 Rxe2 21.Bh6 Nh5 22.Qf3 Ng3+
23.Qxg3 Qxh6 24.Qf3 Re7 25.c5 Qg6 26.d6 Rd7 27.Rae1 Rc8 28.Re7 Rcd8 29.Rfe1 f6
30.Qd5+ Kf8 31.Rxd7 Rxd7 32.c6 bxc6 33.Qxc6 Qf5 34.Qc8+ Kf7 35.Qe8+  1-0

[Event "XLI Rilton Cup 2011-12"]
[Site "Stockholm SWE"]
[Date "2011.12.29"]
[Round "3"]
[White "Pettersson,Anders1"]
[Black "Rasmussen,A"]
[Result "0-1"]
[WhiteElo "2207"]
[BlackElo "2541"]

1.d4 d5 2.c4 dxc4 3.e4 Nf6 4.e5 Nd5 5.Bxc4 Nb6 6.Bb3 Nc6 7.Nf3 Bf5 8.d5 Nb4
9.Nc3 e6 10.Nd4 Nd3+ 11.Ke2 Bg6 12.Ba4+ c6 13.dxc6 Qxd4 14.cxb7+ Ke7 15.Bg5+ f6
16.Be3 Qg4+ 17.Kf1 Qxd1+ 18.Rxd1 Rb8 19.Bxb6 axb6 20.Bb5 Nxe5 21.f4 Rxb7
22.fxe5 fxe5 23.g4 h5 24.g5 h4 25.Rg1 h3 26.Rd2 Rh4 27.Rg3 Rc7 28.Re3 e4
29.Kf2 Bf5 30.Be2 Kf7 31.Kg3 Bc5 32.Kxh4 Bxe3 33.Rd8 Bf2+ 34.Kh5 Bg1 35.Kh4 Bf2+
36.Kh5 Bg1 37.Kh4 Bxh2 38.Bh5+ Ke7 39.Re8+ Kd7 40.Rg8 Be5 41.Be8+ Ke7  0-1

[Event "Cracovia Open A"]
[Site "Krakow POL"]
[Date "2011.12.31"]
[Round "5.13"]
[White "Sadzikowski,D"]
[Black "Rawicz,K1"]
[Result "1-0"]
[WhiteElo "2380"]
[BlackElo "2269"]

1.d4 d5 2.c4 dxc4 3.e4 Nf6 4.e5 Nd5 5.Bxc4 Nb6 6.Bd3 Nc6 7.Ne2 Be6 8.Nbc3 Bd5
9.O-O e6 10.Be3 Nb4 11.Nxd5 Qxd5 12.Nc3 Qd7 13.Be4 N4d5 14.a4 a5 15.Rc1 c6
16.Bb1 f5 17.exf6 gxf6 18.Ne4 Qf7 19.Bd2 Be7 20.Re1 Nb4 21.Nc5 Bxc5 22.dxc5 N6d5
23.Qg4 e5 24.f4 Rg8 25.Qh3 Qg7 26.fxe5 fxe5 27.Bxh7  1-0

[Event "TCh-SVK Extraliga 2011-12"]
[Site "Slovakia SVK"]
[Date "2012.01.15"]
[Round "6"]
[White "Vovk,Y"]
[Black "Motuz,K"]
[Result "1-0"]
[WhiteElo "2577"]
[BlackElo "2346"]

1.d4 d5 2.c4 dxc4 3.e4 Nc6 4.Nf3 Nf6 5.d5 Nb8 6.Nc3 e6 7.Bxc4 exd5 8.Nxd5 Nxd5
9.Bxd5 Bb4+ 10.Ke2 Qd6 11.Qb3 Be6 12.Bxe6 fxe6 13.Rd1 Qa6+ 14.Rd3 c5 15.Ne5 Nd7
16.Nc4 O-O-O 17.Bg5 Nf6 18.Rad1 Rxd3 19.Qxd3 Qxa2 20.Bxf6 gxf6 21.Qd7+ Kb8
22.Qd6+ Kc8 23.Qxe6+ Kb8 24.Rd7 Qa4 25.Qd6+  1-0

[Event "72nd ch-ARM"]
[Site "Yerevan ARM"]
[Date "2012.01.15"]
[Round "5"]
[White "Pashikian,A"]
[Black "Babujian,L"]
[Result "1-0"]
[WhiteElo "2608"]
[BlackElo "2474"]

1.d4 d5 2.c4 dxc4 3.e4 e5 4.Nf3 exd4 5.Bxc4 Nc6 6.O-O Be6 7.Bb5 Bc5 8.b4 Bb6
9.a4 a6 10.Bxc6+ bxc6 11.Bb2 Nf6 12.a5 Ba7 13.Bxd4 Nxe4 14.Bxa7 Qxd1 15.Rxd1 Rxa7
16.Ne5 Bd5 17.f3 Nd6 18.Nc3 f6 19.Nxd5 fxe5 20.Nc3 Rb7 21.Rab1 Ke7 22.Re1 Nf7
23.Ne4 Rhb8 24.Rbc1 Rxb4 25.Rxc6 Rb1 26.Rxb1 Rxb1+ 27.Kf2 Rb2+ 28.Kg3 Kd7
29.Rxa6 Nd8 30.Nc5+ Ke7 31.Ra8 Rc2 32.Nd3 Nc6 33.a6 e4 34.Nf4 exf3 35.gxf3 Ra2
36.Nd5+ Kd6 37.Nc3 Ra5 38.Ne4+ Kd5 39.h4 Ra3 40.h5 Nd4 41.Nd2 Kc6 42.Kg4 Ra4
43.Ne4 Ne6 44.a7 Kd7 45.Kg3 Ra3 46.Nd2 Ra6 47.Nc4 Ke7 48.Ne5 Kd6 49.f4 Ra3+
50.Kg4 Ra4 51.Nd3 g5 52.Nb2 Ra2 53.f5 Rxb2 54.fxe6 Rb4+  1-0

[Event "12th ch-CRO"]
[Site "Opatija CRO"]
[Date "2012.01.19"]
[Round "3.3"]
[White "Kuljasevic,D"]
[Black "Stevic,H"]
[Result "1-0"]
[WhiteElo "2569"]
[BlackElo "2624"]

1.d4 d5 2.c4 dxc4 3.e4 e5 4.Nf3 Bb4+ 5.Bd2 Bxd2+ 6.Nbxd2 exd4 7.Bxc4 Qf6
8.O-O Ne7 9.e5 Qg6 10.Nxd4 Nbc6 11.N2f3 O-O 12.Bd3 Qh5 13.Re1 Rd8 14.Nxc6 Nxc6
15.Qb3 Rb8 16.Be4 Bf5 17.Bxc6 bxc6 18.Qc3 Rd3 19.Qxc6 h6 20.Qxc7 Rxb2 21.Qxa7 Kh7
22.Re3 Rd7 23.Qa4 Rdb7 24.Rae1 R7b4 25.Qa3 Qg4 26.Rb3 R2xb3 27.axb3 Be6 28.Re3 Rf4
29.Qd6 Qg6 30.Qd3 Bf5 31.Qd2 Be6 32.Ne1 Rg4 33.f3 Rh4 34.g3 Rh5 35.g4 Rf5
36.Ng2 Rg5 37.h4  1-0

[Event "TCh-AUT 1st Bundesliga 2012"]
[Site "Baden AUT"]
[Date "2012.01.21"]
[Round "2.1"]
[White "Ragger,M"]
[Black "Kunin,V"]
[Result "1-0"]
[WhiteElo "2655"]
[BlackElo "2537"]

1.d4 d5 2.c4 dxc4 3.e4 e5 4.Nf3 exd4 5.Bxc4 Bb4+ 6.Nbd2 Nc6 7.O-O Qf6 8.e5 Qg6
9.Nb3 Bg4 10.h3 Bxh3 11.Ng5 Be6 12.Nxe6 fxe6 13.Nxd4 Rd8 14.Bd3 Qf7 15.Nxc6 bxc6
16.Qb3 Bc5 17.Bc4 Ne7 18.Be3 Bb6 19.Bxe6 Qg6 20.Rad1 Nd5 21.Bxd5 cxd5 22.Rxd5 Qc6
23.Rxd8+ Kxd8 24.Rc1 Qe4 25.Qc3 Qb7 26.e6 Bxe3 27.Qxg7 Bxc1 28.Qd7+  1-0

[Event "12th ch-CRO"]
[Site "Opatija CRO"]
[Date "2012.01.23"]
[Round "7.5"]
[White "Bosiocic,Mari"]
[Black "Stevic,H"]
[Result "1/2-1/2"]
[WhiteElo "2580"]
[BlackElo "2624"]

1.d4 d5 2.c4 dxc4 3.e4 Nc6 4.Nf3 Bg4 5.Bxc4 e6 6.Be3 Bxf3 7.gxf3 Qf6 8.Nc3 O-O-O
9.d5 Bb4 10.Qb3 exd5 11.exd5 Bxc3+ 12.Qxc3 Qxc3+ 13.bxc3 Ne5 14.Bb3 Ne7 15.f4 Ng4
16.Rg1 Nxe3 17.fxe3 g6 18.O-O-O f5 19.h4 h5 20.Rd4 Rd6 21.Kb2 Rhd8 22.c4 c5
23.dxc6 Rxd4 24.exd4 Rxd4 25.cxb7+ Kxb7 26.Re1 Nc6 27.Re6 Rxf4 28.c5 Kc7
29.Rxg6 Ne5 30.Rg5 Nd3+ 31.Kc3 Nxc5 32.Rxh5 Nxb3 33.axb3 Kd6 34.Rh7 a5  1/2-1/2

[Event "Gibraltar Open"]
[Site "Caleta ENG"]
[Date "2012.01.25"]
[Round "2.16"]
[White "Lupulescu,C"]
[Black "Dvirnyy,D"]
[Result "1/2-1/2"]
[WhiteElo "2648"]
[BlackElo "2492"]

1.d4 d5 2.c4 dxc4 3.e4 e5 4.Nf3 Bb4+ 5.Nc3 exd4 6.Nxd4 Nd7 7.Bxc4 Ngf6 8.O-O O-O
9.Bg5 c6 10.Nde2 Qa5 11.Bh4 Re8 12.a3 Be7 13.Bg3 Nh5 14.Nf4 Nxf4 15.Bxf4 Bf6
16.Qc2 Bxc3 17.bxc3 Nb6 18.Bd3 Be6 19.e5 h6 20.Rfe1 Red8 21.a4 Rd7 22.c4 Rad8
23.Bf1 Qb4 24.Reb1 Qc5 25.a5 Nd5 26.Bd2 Nf6 27.Bc3 Ng4 28.Qe2 Rd3 29.Rc1 h5
30.h3 Nh6 31.Qxh5 R3d7 32.Qe2 Nf5 33.Qb2 Qe7 34.Re1 Qg5 35.Qc1 Qh4 36.Qc2 Nd4
37.Qe4 Qg5 38.Bxd4 Rxd4 39.Qf3  1/2-1/2

[Event "Gibraltar Open"]
[Site "Caleta ENG"]
[Date "2012.01.27"]
[Round "4.94"]
[White "Pettersson,Anders1"]
[Black "Marley,Andrew S G"]
[Result "1-0"]
[WhiteElo "2219"]
[BlackElo "1889"]

1.d4 d5 2.c4 dxc4 3.e4 e5 4.Nf3 exd4 5.Bxc4 Nc6 6.O-O Be6 7.Bb5 Bc5 8.Ng5 Nf6
9.Nxe6 fxe6 10.e5 Nd5 11.Qh5+ g6 12.Bxc6+ bxc6 13.Qh6 Bf8 14.Qh3 Qd7 15.Nd2 Be7
16.Nb3 Nb6 17.Bh6 O-O-O 18.Rfd1 c5 19.Rac1 Qd5 20.Bg7 a5 21.Bf6  1-0

[Event "Moscow Open 2012 A"]
[Site "Moscow RUS"]
[Date "2012.01.28"]
[Round "1.23"]
[White "Filipenko,A"]
[Black "Vorobiov,E"]
[Result "1/2-1/2"]
[WhiteElo "2351"]
[BlackElo "2589"]

1.d4 d5 2.c4 dxc4 3.e4 Nc6 4.Nf3 Bg4 5.d5 Ne5 6.Bf4 Ng6 7.Bg3 e5 8.dxe6 Qxd1+
9.Kxd1 fxe6 10.Kc2 Bxf3 11.gxf3 Bd6 12.Nd2 N8e7 13.Nxc4 O-O 14.Nxd6 cxd6
15.Rd1 d5  1/2-1/2